000 00662nam a2200205Ia 4500
003 IN-BaIIA
008 211028s9999 xx 000 0 eng d
020 _a0-19-509599-5
040 _cIIA Library
080 _a577
_bKAU
100 _aKauffman, S
_920976
245 0 _aAt home in the universe
_bthe search for laws of self-organization and complexity
_cS. Kauffman
260 _aNew York
_bOxford University Press
_c1995
300 _aviii, 321p.
650 _aEvolution
_914171
650 _aLife
_920304
650 _aMolecular evolution
_920977
650 _aSelf - organizing systems
_920978
942 _cBK
999 _c12052
_d12052